000 00919nabaa22001817a 4500
999 _c6101
_d6101
003 OSt
005 20260122081243.0
008 190701b xxu||||| |||| 00| 0 spa d
040 _cPJ
100 _96869
_aRiva, Ignacio M. de la
245 1 3 _aLa influencia de Juan Bautista Alberdi en la formación del derecho administrativo argentino /
_cIgnacio M. de la Riva.
300 _ap. 3-9
505 _aSumario: I. Personalidad y trayectoria de Alberdi.— II. El pensamientode Alberdi.— III. Escritos jurídicos de Alberdi.— IV. Aportes de Alberdi a la formación del derecho administrativo argentino.— V. Colofón.
505 _t¿Te interesa el texto completo? Comunicate al correo: koha@justierradelfuego.gov.ar
650 0 _9211
_aDERECHO ADMINISTRATIVO
773 0 _02842
_93251
_dBuenos Aires : AbeledoPerrot, 2012-
_oDA121
_tDerecho administrativo. Nº 145 enero/febrero 2023
_z18510590
942 _2udc
_cANA